000 00741nam a2200253 a 4500
001 000009600
005 20200929161634.0
008 920501s1987 sp 000 1 spa d
010 _a92154731
020 _a8420695459
040 _aDO-SdBNP
_cDLC
_dDLC
042 _alccopycat
082 _a863.42
_bA552v
100 1 _aAndújar, Manuel.
_924441
245 1 0 _aVisperas /
_cManuel Andújar.
260 _aMadrid :
_bAlianza,
_c1987.
300 _a485 p. ;
_c20 cm.
505 0 _aLlanura -- El vencido.
650 4 _aNovela española
_91123
650 4 _aLiteratura española
_9632
700 1 2 _aAndújar, Manuel.
_tLlanura.
_f1987.
_924442
700 1 2 _aAndujar, Manuel.
_tVencido.
_f1987.
_924443
910 _aCatalogación por copia / LC
999 _c9360
_d9360